000 00407nam a22001697a 4500
005 20160628154335.0
008 160628b xxu||||| |||| 00| 0 eng d
020 _a81-85749-59-0
041 _aeng
082 _b11736
100 _aVerma, A.P. and Mohan N.
_93110
245 _aIndustrial Management
260 _bKatson Books
_c2012
300 _a379
650 _aDiploma Engineering
_9817
942 _cBK
999 _c4535
_d4534